[Event "OP-2011-0-01580"]
[Site "LSS email"]
[Date "2011.06.08"]
[Round "?"]
[White "Bester, Kazimierz"]
[Black "Prado, Marcelo Alberto"]
[Result "1-0"]
[WhiteElo "769"]
[BlackElo "708"]
[PlyCount "115"]
[EventDate "2011.06.05"]
[EventType "tourn (corr)"]
[EventRounds "4"]
[EventCountry "GER"]
[SourceTitle "Telechess CBM 151"]
[Source "ChessBase"]
[SourceDate "2012.11.13"]
[SourceVersion "1"]
[SourceVersionDate "2012.11.13"]
[SourceQuality "1"]

1. f4 d5 2. Nf3 f6 3. e3 e5 4. fxe5 fxe5 5. d4 exd4 6. Qxd4 Nc6 7. Qd1 Nf6 8. Bb5 Bd7 9. 0-0 Bc5 10. c3 0-0 11. Nbd2 a6 12. Be2 Bxe3+ 13. Kh1 Ng4 14. Qe1 Nce5 15. Nxe5 Nxe5 16. Rxf8+ Qxf8 17. Nb3 Bf2 18. Qd2 c6 19. Qg5 Re8 20. Bf4 Nf7 21. Qh5 g6 22. Qf3 Bh4 23. g3 Bg5 24. Bf1 Bf5 25. Nd4 Be4 26. Qxe4 Rxe4 27. Bxg5 Nxg5 28. Bd3 Qf3+ 29. Nxf3 Re3 30. Ne1 c5 31. a4 a5 32. Bb5 d4 33. cxd4 cxd4 34. Ng2 Re5 35. Rd1 Ne6 36. b3 Re4 37. Bc4 Kg7 38. Bd5 Re5 39. Bxe6 Rxe6 40. Nf4 Rd6 41. Rd3 g5 42. Ne2 h5 43. Rxd4 Rxd4 44. Nxd4 Kf6 45. Kg2 Ke5 46. Nf3+ Kf5 47. Nd4+ Ke4 48. Ne6 Kf5 49. Nc5 b6 50. Nd7 h4 51. Nxb6 hxg3 52. Kxg3 Kg6 53. Nc4 Kf6 54. Nxa5 Kf5 55. h4 gxh4+ 56. Kxh4 Ke5 57. Nc4+ Kd5 58. Kg4 1-0

[Event "OP-2011-0-01580"]
[Site "LSS email"]
[Date "2011.06.08"]
[Round "?"]
[White "Shim Ng Min, Francis"]
[Black "Prado, Marcelo Alberto"]
[Result "1-0"]
[WhiteElo "1182"]
[BlackElo "708"]
[PlyCount "25"]
[EventDate "2011.06.05"]
[EventType "tourn (corr)"]
[EventRounds "4"]
[EventCountry "GER"]
[SourceTitle "Corr 2015"]
[Source "ChessBase"]
[SourceDate "2015.07.17"]
[SourceVersion "1"]
[SourceVersionDate "2015.07.17"]
[SourceQuality "1"]

1. e4 e5 2. Nf3 Nc6 3. d4 f6 4. dxe5 fxe5 5. Bc4 Nf6 6. 0-0 Bc5 7. Bg5 h6 8. Bxf6 Qxf6 9. Nc3 a6 10. Nd5 Qd6 11. Nh4 0-0 12. Nf6+ Kh8 13. Ng6# 1-0